000 00774cam a22002531 4500
001 sa 68008281
003 DLC
005 20260227112531.0
008 751001s1967 xx 000 0 eng
010 _asa 68008281
035 _a(OCoLC)1668009
040 _aDLC
_cMNS
_dMNS
_dOCoLC
_dDLC
042 _apremarc
050 0 0 _aLC910.I4
_bH3
082 _a370.9176'7
100 2 _aHamiuddin Khan, Md.
245 1 0 _aHistory of Muslim education
_c[by] M. Hamiuddin Khan.
250 _a[1st ed.]
260 _aKarachi,
_bAcedemy [sic] of Educational Research, All Pakistan Educational Conference
_c[1967-
300 _a v.
_c23 cm.
505 0 _av. 1. 712 to 1750 A. D.--v. 2. 1751 to 1854 A. D.
650 0 _aIslamic education.
650 0 _aEducation
_zIndia
_xHistory.
999 _c82343
_d82343